000 00840cam a22002773a 4500
001 2095
003 PGUSA
005 20140828083010.0
008 000301s2000||||xxu|||||s|||||000 1 eng d
040 _aPGUSA
_beng
042 _adc
050 4 _aPS
100 1 _aBrown, William Wells,
_d-1884
245 1 0 _aClotelle :
_bA Tale of the Southern States
_h[electronic resource] /
_cWilliam Wells Brown
260 _bProject Gutenberg,
_c2000
506 _aPublic domain in the USA.
516 _aElectronic text
653 _aAfrican American women -- Fiction
653 _aIllegitimate children -- Fiction
653 _aAfrican American families -- Fiction
653 _aDomestic fiction
653 _aWomen slaves -- Fiction
830 0 _aProject Gutenberg
_v2095
856 4 0 _uhttp://www.gutenberg.org/ebooks/2095
942 _cEB
999 _c231433
_d231433